Mieszko I - Statystyki

Ogólne statystyki
  • Ten quiz został rozwiązany 68 razy
  • Średni wynik to 5 z 7
Statystyki odpowiedzi
Hint Odpowiedź % Poprawnych
Chrzest Mieszka I 966
100%
Śmierć Mieszka I 992
81%
Objęcie władzy przez Mieszka I 960
78%
Urodzenie się Bolesława Chrobrego 967
74%
Zwycięstwo pod Cedynią 972
74%
Powstanie biskupstwa misyjnego w Poznaniu 968
71%
Powstanie Dagome iudex 990
67%
Nie znaleziono quizów pasujących do podanych kryteriów
Rozkład punktacji
Procent ludzi z każdym wynikiem
Percentyl według liczby udzielonych odpowiedzi
Twoja historia wyników
Nie rozwiązałeś tego quizu